Physical chemistry / (Record no. 18988)
[ view plain ]
| 000 -LEADER | |
|---|---|
| fixed length control field | 00957nam a22002897a 4500 |
| 005 - DATE AND TIME OF LATEST TRANSACTION | |
| control field | 20240818092950.0 |
| 008 - FIXED-LENGTH DATA ELEMENTS--GENERAL INFORMATION | |
| fixed length control field | 150216s2009 xxuadk frb 001 0 eng d |
| 020 ## - INTERNATIONAL STANDARD BOOK NUMBER | |
| International Standard Book Number | 9780071276368 |
| 020 ## - INTERNATIONAL STANDARD BOOK NUMBER | |
| International Standard Book Number | 007127636X |
| 040 ## - CATALOGING SOURCE | |
| Original cataloging agency | EG-ScBUE |
| 082 00 - DEWEY DECIMAL CLASSIFICATION NUMBER | |
| Edition number | 22 |
| Classification number | 541 |
| Item number | LEV |
| 100 1# - MAIN ENTRY--PERSONAL NAME | |
| Personal name | Levine, Ira N., |
| 9 (RLIN) | 37353 |
| Dates associated with a name | 1937- |
| 245 10 - TITLE STATEMENT | |
| Title | Physical chemistry / |
| Statement of responsibility, etc | Ira N. Levine. |
| 250 ## - EDITION STATEMENT | |
| Edition statement | 6th ed., |
| Remainder of edition statement | international ed. |
| 260 ## - | |
| -- | Boston, United States : |
| -- | McGraw-Hill Higher Education, |
| -- | 2009 |
| -- | (Singapore) |
| 300 ## - PHYSICAL DESCRIPTION | |
| Extent | xviii, 989 p. : |
| Other physical details | charts, forms, tables ; |
| Dimensions | 26 cm. |
| 336 ## - CONTENT TYPE | |
| Source | rdacontent |
| Content type term | text |
| Content type code | txt |
| 337 ## - MEDIA TYPE | |
| Media type term | unmediated |
| Source | rdamedia |
| Media type code | n |
| 338 ## - CARRIER TYPE | |
| Carrier type term | volume |
| Carrier type code | nc |
| Source | rdacarrier |
| 500 ## - GENERAL NOTE | |
| General note | Includes appendixes. |
| 500 ## - GENERAL NOTE | |
| General note | Index : p. 967-989. |
| 504 ## - BIBLIOGRAPHY, ETC. NOTE | |
| Bibliography, etc | Bibliography : p. 955-958. |
| 650 #0 - SUBJECT ADDED ENTRY--TOPICAL TERM | |
| 9 (RLIN) | 2007 |
| Topical term or geographic name as entry element | Chemistry, Physical and theoretical |
| 653 ## - INDEX TERM--UNCONTROLLED | |
| Resource For college | Pharmacy |
| Arrived date list | February2015 |
| 655 ## - INDEX TERM--GENRE/FORM | |
| Form subdivision | |
| 9 (RLIN) | 34232 |
| 942 ## - ADDED ENTRY ELEMENTS (KOHA) | |
| Source of classification or shelving scheme | Dewey Decimal Classification |
| Call number prefix | 541 LEV |
| Classification part | RDA-MOD |
| Withdrawn status | Lost status | Source of classification or shelving scheme | Damaged status | Not for loan | Collection code | Home library | Current library | Shelving location | Date acquired | Source of acquisition | Cost, normal purchase price | Serial Enumeration / chronology | Total Checkouts | Total Renewals | Full call number | Barcode | Date last seen | Date checked out | Cost, replacement price | Price effective from | Koha item type |
|---|---|---|---|---|---|---|---|---|---|---|---|---|---|---|---|---|---|---|---|---|---|
| Dewey Decimal Classification | Baccah | Central Library | Central Library | First floor | 16/02/2015 | 320.00 | 21291 | 1 | 10 | 541 LEV | 000037415 | 15/07/2025 | 03/11/2015 | 400.00 | 16/02/2015 | Book - Borrowing |